000 01069nam a2200289 a 4500
001 000039878
003 DO-SdBNP
005 20260527074042.0
007 ta
008 130726s2013 dr acd 001 0 spa d
020 _a9789945165531
040 _aDO-SdBNP
_bspa
_cBNPHU
082 4 _a324.7293
_bM296e
_222
100 1 _aMañón, Melvin
_d1944-
_910427
245 1 0 _aEnigma :
_b(apuntes para un discurso de ruptura) /
_cMelvin Mañón ; prólogo Ardelio López.
260 _aSanto Domingo :
_bBuho,
_c2013.
300 _a325 p. :
_bil., gráfcs., tablas ;
_c23 cm.
590 _aInventariado, 2019/MFF
600 1 4 _aFernandez, Leonel,
_d1953-
_xPensamiento pollítico
_946302
610 2 4 _aPartido de la Liberación Dominicana
_9284
650 4 _aCampañas políticas
_zRepública Dominicana
_946237
_y1961-
650 0 _aPartidos políticos
_zRepública Dominicana
_y1961-
_9285
651 0 _aRepública Dominicana
_xPolítica y gobierno
_y1961-
_945
700 1 _aLópez, Ardelio,
_epról.
_966091
910 _aValidado. Control de calidad EMS
942 _2ddc
_cLBS1
999 _c39368
_d39368